| 000 | 00654nam a2200181 a 4500 | ||
|---|---|---|---|
| 001 | 000029896 | ||
| 005 | 20250924073803.0 | ||
| 008 | 110426s1985 dr a 000 0 spa d | ||
| 040 |
_aDO-SdBNP _bspa _cBNPHU |
||
| 082 |
_axxx _bB271t |
||
| 100 | 1 |
_aBarreiro, Teófilo, _d1935-1964. _956634 |
|
| 245 | 1 | 0 |
_aTony Barreiro : _bauténtico y revolucionario / _cTeófilo Barreiro. |
| 260 |
_aSanto Domingo : _bEditora Universitaria, UASD, _c1985. |
||
| 300 |
_a27 p. : _bil. ; _c21 cm. |
||
| 490 | 1 |
_aPublicaciones de la Universidad Autónoma de Santo Domingo _v455 |
|
| 830 |
_aPublicaciones de la Universidad Autónoma de Santo Domingo _v455 _952 |
||
| 049 | _aBNPD | ||
| 999 |
_c29388 _d29388 |
||